Migración interna y empleo agrícola temporal en Guatemala /
保存先:
| 第一著者: | |
|---|---|
| その他の著者: | |
| フォーマット: | テキスト |
| 言語: | Spanish |
| 主題: | |
| タグ: |
タグ追加
タグなし, このレコードへの初めてのタグを付けませんか!
|
MARC
| LEADER | 00000 a a2200000 04500 | ||
|---|---|---|---|
| 001 | 43034 | ||
| 003 | cru CRAI/IIS | ||
| 005 | 20210505101601.0 | ||
| 008 | 210505b |||||||| |||| 00| 0 spa d | ||
| 040 | |c cru CRAI/IIS | ||
| 100 | 1 | |a Bataillon, Claude | |
| 245 | 1 | |a Migración interna y empleo agrícola temporal en Guatemala / |c Claude Bataillon | |
| 500 | |a Colección Centroamérica | ||
| 650 | |a MIGRACION INTERNA | ||
| 650 | |a GUATEMALA | ||
| 650 | |a SALARIOS | ||
| 650 | |a CULTIVOS | ||
| 700 | |a Lebon, Ivon | ||
| 773 | |g volumen5, número13 (1976), páginas 35-67 | ||
| 773 | 0 | |0 18875 |9 5484 |a Universidad de Costa Rica. |d San José, Costa Rica: Universidad de Costa Rica. Consejo Superior Universitario Centroamericano, 1972- |o 13769 |t Estudios Sociales Centroamericanos / |x 03039676 | |
| 942 | |2 ddc |c PP | ||
| 999 | |c 19879 |d 19879 | ||
